| 000 | 00474nam a2200205Ia 4500 | ||
|---|---|---|---|
| 005 | 20240823015442.0 | ||
| 008 | 240823s9999||||xx |||||||||||||| ||und|| | ||
| 020 | _a81-8014-016-4 | ||
| 041 | _aENGLISH | ||
| 082 | _A625.7 P5 | ||
| 100 | _aGupta B L | ||
| 245 | 0 | _aHighway and Bridge Engineering | |
| 250 | _a3rd | ||
| 260 |
_c2005 _b"Standard Pub," _aDelhi |
||
| 500 | _aYES | ||
| 650 |
_aHighway _bCivil |
||
| 700 | _a Amit Gupta | ||
| 942 | _cBK | ||
| 999 |
_c172451 _d172451 |
||